000 00591nam a22002177a 4500
003 OSt
005 20140310183029.0
008 130218t xxu||||| |||| 00| 0 eng d
020 _a 9716856431
050 _aPL6051
_b.Al348 2005
082 _aFIL 808.0427
_b Al349 2005
245 _aFilipino 1
_c Alcaraz, Cid V.
_bkomunikasyon sa akademikong filipino
260 _aQuezon City
_bLorimar Publishing
_cc2005
300 _a138 p.
_c25 cm.
521 _acollege students
526 _c1210L-1700L
541 _j1
541 _j2
562 _e2
942 _2lcc
_cBK
_kFIL
999 _c18427
_d18427